| 000 | 00474nam a22001817a 4500 | ||
|---|---|---|---|
| 999 |
_c2974 _d2931 |
||
| 008 | 190114b ||||| |||| 00| | eng d | ||
| 020 | _a9789752895935 | ||
| 041 | _atur | ||
| 050 | _aPL248.E657 | ||
| 100 |
_91161 _aErdoğan, Aslı |
||
| 245 | _aTaş Bina ve Diğerleri | ||
| 250 | _a1.Basım | ||
| 260 |
_aİstanbul: _bEveret Yayınları, _cMayıs 2009 |
||
| 300 | _a134 Sayfa | ||
| 500 | _aTürkçe Edebiyat: 210 | ||
| 650 | 0 |
_9145 _aTürk Edebiyatı |
|
| 942 |
_2lcc _cBK |
||